| 000 | 04540nam a2200433 a 4500 | ||
|---|---|---|---|
| 003 | CHAP | ||
| 005 | 20250528133422.0 | ||
| 007 | ta | ||
| 008 | 250528s2023 -usabdofrf||| 001 0 eng d | ||
| 020 | _a978-1-955516-50-1 | ||
| 040 |
_amxchpua _cCHAP _erda |
||
| 041 |
_aeng _beng _feng _heng |
||
| 050 | 1 | 0 |
_aTP490 _b.A84 2023 |
| 082 | 0 | 0 |
_220 _a697 _bA84 2023 |
| 110 | 1 |
_aAmerican Society of Heating, Refrigerating and Air Conditioning Engineers (ASHRAE) _95301 |
|
| 245 | 1 | 5 |
_a2023 ASHRAE Handbook : _bheating, ventilating, and air-conditioning applications / _cAmerican Society of Heating, Refrigerating and Air-Conditioning Engineers |
| 246 | 1 | 0 |
_aASHRAE handbook : _bheating, ventilating, and air-conditioning applications |
| 246 | 0 | 3 | _aHeating, ventilating, and air-conditioning applications |
| 250 | _aSI Edition | ||
| 264 |
_aPeachtree Corners, GA : _bASHRAE, _c2023 |
||
| 300 |
_a1 v. (en paginación variada) : _bilustraciones, mapas, gráficas, diagramas, tablas, fotos |
||
| 336 |
_2rdacontent _atexto _btxt |
||
| 337 |
_2rdamedia _asin medio _bn |
||
| 338 |
_2rdacarrier _avolumen _bnc |
||
| 490 | 1 | _aASHRAE Handbook | |
| 504 | _aIncluye bibliografías | ||
| 520 | 2 | _aThe 2023 ASHRAE Handbook—HVAC Applications comprises 67 chapters—our largest and most extensive volume yet—covering a broad range of facilities and topics, written to help engineers design and use equipment and systems described in other Handbook volumes. Main sections cover comfort, industrial, energy-related, general applications, and building operations and management. ASHRAE Technical Committees in each subject area have reviewed all chapters and revised them as needed for current technology and design practice. There are two new chapters for this edition: Chapter 23, Fire and EMT Stations and Training Academies, describes best practices for conditioning and ventilating these vital facilities. Chapter 66, In-Room Air Cleaners, covers use of in-room filtration to address air contaminants, with a special focus on removing pathogens. This volume has been greatly expanded and updated; just a few of the most notable revisions include the following: Chapter 4, Tall Buildings, has expanded its discussion of the neutral pressure level (NPL) and added a new worked example. Chapter 8, Educational Facilities, has updated design criteria and new content on air distribution, DOAS system controls, UVGI, inroom air cleaners, air quality monitoring, medical suite design, and energy dashboards and energy management systems. Chapter 20, Data Centers and Telecommunication Facilities, updated its coverage of thermal envelopes and added discussions of cooling types, commissioning, fire protection, water concerns, chillers, and economizers. Chapter 36, Solar Energy Use, expanded its discussion of photovoltaics and added information on green hydrogen as an energy source. Chapter 38, Owning and Operating Costs, added information on building information modeling (BIM), computerized maintenance management systems (CMMS), building automation systems (BAS), and automated fault detection and diagnosis (AFDD). Chapter 51, Service Water Heating, greatly expanded its discussion of hot-water load and equipment sizing, and incorporated detailed information about hotel hot-water heating system sizing from ASHRAE research project RP-1544. Chapter 56, Seismic-, Wind-, and Flood-Resistant Design, added a new section on flooding resilience, as well as expanding its discussions of seismic and wind resistance. Chapter 65, Occupant-Centric Sensing and Controls, added information on solicited and unsolicited categories of occupant comfort feedback, recent studies in the field, and greater detail about modeling tools and best practices. | |
| 650 | 1 | 3 |
_aSistemas de calefacción _xManuales, libros de texto, etc. _2atg _9159200 |
| 650 | 1 | 3 |
_aRefrigeración _xManuales, libros de texto, etc. _2atg _9158636 |
| 650 | 1 | 7 |
_aAire acondicionado _2atg _xManuales, libros de texto, etc. _93151 |
| 650 | 1 | 3 |
_aSistemas de ventilación _2atg _xManuales, libros de texto, etc. _9161233 |
| 650 | 1 | 3 |
_aHeating systems _2atg _xManuals, text-books, etc. _9159199 |
| 650 | 1 | 3 |
_aRefrigeration _xManuals, text-books, etc. _2atg _9159986 |
| 650 | 1 | 3 |
_aAir conditioning _xManuals, text-books, etc. _2atg _9150971 |
| 650 | 1 | 3 |
_aVentilation systems _xManuals, text-books, etc. _2atg _9161234 |
| 710 | 1 |
_aAmerican Society of Heating, Refrigerating and Air Conditioning Engineers (ASHRAE) _95301 |
|
| 830 | 0 |
_aASHRAE Handbook _9188280 |
|
| 942 |
_2ddc _cLIBRO |
||
| 999 |
_c220542 _d220542 |
||